000 00987cam a2200301 i 4500
001 18074325
003 EG-ScBUE
005 20240926143627.0
008 140320t2014 nyudk f b 001 0 eng d
020 _a9783319062082
040 _aDLC
_beng
_erda
_cDLC
_dDLC
_dEG-ScBUE
082 0 4 _222
_bDYE
_a515
100 1 _aDyer, R. H.
_q(Robert H.)
_eauthor.
_937854
245 1 0 _aFrom real to complex analysis /
_cR. H. Dyer, D. E. Edmunds.
264 1 _aCham :
_bSpringer,
_c[2014]
264 4 _cc2014
300 _ax, 332 pages :
_bcharts, forms ;
_c24 cm.
336 _2rdacontent
_atext
_btxt
337 _aunmediated
_2rdamedia
_bn
338 _avolume
_bnc
_2rdacarrier
490 0 _aSpringer undergraduate mathematics series
504 _aIncludes bibliographical references and index.
650 7 _2BUEsh
_aMathematical analysis.
_919895
653 _bENGGEN
_cMay2015
655 _vReading book
_934232
700 1 _aEdmunds, D. E.
_q(David Eric)
_eauthor.
_937855
942 _2ddc
_cBB
999 _c19290
_d19262